Kto jest Sniperem (CS2) - Statystyki

Ogólne statystyki
  • Ten quiz został rozwiązany 273 razy
  • Średni wynik to 11 z 23
Statystyki odpowiedzi
Hint Odpowiedź % Poprawnych
G2 Esports m0NESY
93%
Team Vitality ZywOo
92%
FaZe broky
87%
Team Spirit sh1ro
84%
ENCE hades
83%
Natus Vincere w0nderful
80%
Virtus.pro Jame
74%
MOUZ torzsi
66%
Eternal Fire woxic
63%
The MongolZ 910
62%
FURIA FalleN
62%
Complexity hallzerk
57%
GamerLegion acoR
40%
Apeks nawwk
28%
HEROIC nicoodoz
26%
Legacy coldzera
25%
AMKAL ICY
21%
SAW story
19%
paIN nqz
18%
Imperial HEN1
14%
KOI stadodo
13%
ECSTATIC salazar
10%
Lynn Vision Jee
5%
Nie znaleziono quizów pasujących do podanych kryteriów
Rozkład punktacji
Procent ludzi z każdym wynikiem
Percentyl według liczby udzielonych odpowiedzi
Twoja historia wyników
Nie rozwiązałeś tego quizu